Associations caritatives et fraude fiscale (Registro nro. 39477)
[ vista simple ]
| 000 -CABECERA | |
|---|---|
| Longitud fija campo de control | 00959naa a2200289 c 4500 |
| 001 - NÚMERO DE CONTROL | |
| Número de control | 39477 |
| 003 - IDENTIFICADOR DE NÚMERO DE CONTROL | |
| Identificador del número de control | ES-MaCES |
| 005 - FECHA Y HORA DE LA ÚLTIMA TRANSACCIÓN | |
| Fecha y hora de la última transacción | 20091111143100.0 |
| 008 - CAMPO FIJO DE DESCRIPCIÓN FIJA--INFORMACIÓN GENERAL | |
| Códigos de información de longitud fija | 091111n2009 fr a t 000 | fre d |
| 035 ## - NÚMERO DE CONTROL DEL SISTEMA | |
| Número de control del sistema | CES20090009201v |
| 040 ## - FUENTE DE CATALOGACIÓN | |
| Centro catalogador de origen | ES-MaCES |
| Lengua de catalogación | spa |
| Centro transcriptor | ES-MaCES |
| 100 1# - ENCABEZAMIENTO PRINCIPAL--NOMBRE PERSONAL | |
| Nombre de persona | Charbonneau, Johanne |
| 9 (RLIN) | 9497 |
| 245 10 - MENCIÓN DE TÍTULO | |
| Título | Associations caritatives et fraude fiscale |
| Mención de responsabilidad, etc. | Johanne Charbonneau |
| 650 #4 - ASIENTO SECUNDARIO DE MATERIA--TÉRMINO DE MATERIA | |
| Término de materia o nombre geográfico como elemento inicial | fraude fiscal |
| 9 (RLIN) | 31745 |
| 650 #4 - ASIENTO SECUNDARIO DE MATERIA--TÉRMINO DE MATERIA | |
| Término de materia o nombre geográfico como elemento inicial | necesidades esenciales |
| 9 (RLIN) | 29224 |
| 650 #4 - ASIENTO SECUNDARIO DE MATERIA--TÉRMINO DE MATERIA | |
| Término de materia o nombre geográfico como elemento inicial | política social |
| 9 (RLIN) | 27029 |
| 650 #4 - ASIENTO SECUNDARIO DE MATERIA--TÉRMINO DE MATERIA | |
| Término de materia o nombre geográfico como elemento inicial | asistencia |
| 9 (RLIN) | 27395 |
| 650 #4 - ASIENTO SECUNDARIO DE MATERIA--TÉRMINO DE MATERIA | |
| Término de materia o nombre geográfico como elemento inicial | institución social |
| 9 (RLIN) | 29461 |
| 650 #4 - ASIENTO SECUNDARIO DE MATERIA--TÉRMINO DE MATERIA | |
| Término de materia o nombre geográfico como elemento inicial | exclusión social |
| 9 (RLIN) | 30629 |
| 650 #4 - ASIENTO SECUNDARIO DE MATERIA--TÉRMINO DE MATERIA | |
| Término de materia o nombre geográfico como elemento inicial | lucha contra la pobreza |
| 9 (RLIN) | 30648 |
| 650 #4 - ASIENTO SECUNDARIO DE MATERIA--TÉRMINO DE MATERIA | |
| Término de materia o nombre geográfico como elemento inicial | pobreza |
| 9 (RLIN) | 27112 |
| 653 10 - TÉRMINO DE INDEXACIÓN--NO CONTROLADO | |
| Término no controlado | Organizaciones |
| 773 0# - ENTRADA DE DOCUMENTO FUENTE | |
| Título | L'observateur de l'OCDE |
| Parte(s) relacionada(s) | nº 273 (juin 2009){10173 R. 075319}; p. 27-28 |
| Número de control del registro relacionado | (ES-MaCES)25190 |
| Itemnumber del ítem fuente | 40966 |
| 902 ## - CES. TIPO DE DOCUMENTO | |
| Tipodoc (006$c Sirtex) | ART Artículo de revista |
| 942 ## - ELEMENTOS KOHA | |
| Fuente de clasificaión o esquema | Clasificación propia del CES |
| Koha [por defecto] tipo de item | Artículos (1982-2017) |
| Parte de clasificación | 6.3. |
No hay ítems disponibles.
